|
|
|
|
| LEADER |
00000nam0a2200000 4500 |
| 001 |
310007 |
| 005 |
20231102002239.0 |
| 035 |
|
|
|a (RuTPU)RU\TPU\book\335348
|
| 090 |
|
|
|a 310007
|
| 100 |
|
|
|a 20151119d1981 m y0rusy50 ca
|
| 101 |
0 |
|
|a rus
|
| 102 |
|
|
|a RU
|
| 105 |
|
|
|a a j 001zy
|
| 200 |
1 |
|
|a Взаимозаменяемость, стандартизация и технические изменения
|e учебное пособие для выполнения курсовой работы с применением ЭВМ при расчете посадок с натягом
|f Ф. И. Бойков [и др.]
|g Челябинский политехнический институт (ЧелПИ)
|
| 210 |
|
|
|a Челябинск
|c Изд-во ЧПИ
|d 1981
|
| 215 |
|
|
|a 81 с.
|c ил.
|
| 320 |
|
|
|a Библиогр.: с. 79-80
|
| 606 |
1 |
|
|a Стандартизация
|2 stltpush
|3 (RuTPU)RU\TPU\subj\67652
|9 83373
|
| 606 |
1 |
|
|a Технические измерения
|2 stltpush
|3 (RuTPU)RU\TPU\subj\60062
|9 77552
|
| 610 |
1 |
|
|a взаимозаменяемость
|
| 610 |
1 |
|
|a учебные пособия
|
| 610 |
1 |
|
|a курсовые работы
|
| 610 |
1 |
|
|a посадки
|
| 610 |
1 |
|
|a выбор
|
| 610 |
1 |
|
|a расчеты
|
| 610 |
1 |
|
|a калибры
|
| 610 |
1 |
|
|a зубчатые колеса
|
| 610 |
1 |
|
|a размерные цепи
|
| 675 |
|
|
|a 006(076)
|v 4
|
| 675 |
|
|
|a 621:53.08(076)
|v 4
|
| 701 |
|
1 |
|a Бойков
|b Ф. И.
|
| 701 |
|
1 |
|a Ляпина
|b Е. С.
|
| 701 |
|
1 |
|a Борблик
|b Н. Л.
|
| 701 |
|
1 |
|a Серадская
|b И. В.
|
| 701 |
|
1 |
|a Гончарук
|b Р. В.
|
| 701 |
|
1 |
|a Кувшинова
|b В. А.
|
| 712 |
0 |
2 |
|a Челябинский политехнический институт (ЧелПИ)
|c (1951-1990)
|2 stltpush
|3 (RuTPU)RU\TPU\col\7924
|
| 801 |
|
1 |
|a RU
|b 63413507
|c 20151119
|
| 801 |
|
2 |
|a RU
|b 63413507
|c 20190909
|g RCR
|
| 942 |
|
|
|c BK
|